Statistiques concernant Afrique - Série 02

Cliquez ici pour prendre le quiz!

Statistiques générales

  • Ce quiz a été pris 205 fois
  • Le résultat moyen est 8 sur 10

Statistiques - réponses

PopulationPays% Correct
186 millions d’habitants.Nigeria
98%
95,69 millions d' habitantsEgypte
95%
55,91 millions d’habitantsAfrique du Sud
94%
40,61 millions d' habitantsAlgérie
94%
39,58 millions d’habitantsSoudan
87%
102,4 millions d’habitantsEthiopie
86%
48,46 millions d’habitantsKenya
81%
55,57 millions d’habitantsTanzanie
79%
81,33 millions d’habitantsRépublique Démocratique du Congo
55%
41,49 millions d’habitantsOuganda
50%

Distribution des résultats

Percentile par nombre de réponses

% des personnes avec chaque résultat

Votre développement - résultats

Vous n’avez pas pris ce quiz